000 00820pam a2200229 a 4500
001 1915363
005 20250209120231.0
008 850918s1986 paua 001 0 eng c
020 _a0812109031
020 _a0906923751
050 0 0 _aRC927
_b.A85 1986
082 0 0 _a616.7/23
_219
245 0 0 _aAtlas of clinical rheumatology /
_cPaul A. Dieppe ... [et al.] ; editorial advisors, Barbara Ansell ... [et al.] ; illustration, Pam Corfield ... [et al.].
260 _aPhiladelphia :
_bLea & Febiger ;
_aLondon ;
_aNew York :
_bGower Medical Pub.,
_c1986.
300 _a1 v. (various pagings) :
_bill. (some col.) ;
_c32 cm.
500 _aIncludes index.
650 0 _aRheumatism
_xDiagnosis
_xAtlases.
650 2 _aRheumatology
_xatlases.
700 1 _aDieppe, Paul.
700 1 _aAnsell, Barbara M.
942 _2lcc
_cBK
_n0
999 _c3732
_d3732